Κατάλογος Βιβλιοθηκών Mediterranean College

Financial Statement Analysis / Using Financial Accounting Information: Fourth Edition (Record no. 662)

MARC details
000 -LEADER
fixed length control field 01416cam a22002054a 4500
005 - ΗΜΕΡΟΜΗΝΙΑ ΚΑΙ ΩΡΑ ΤΕΛΕΥΤΑΙΑΣ ΕΝΗΜΕΡΩΣΗΣ
Πεδίο ελέγχου 20250605163942.0
008 - FIXED-LENGTH DATA ELEMENTS--GENERAL INFORMATION
Πεδίο ελέγχου σταθερού μήκους 250528s ||||||||||||||||||||||||d
035 ## - SYSTEM CONTROL NUMBER
System control number 15063
020 ## - ISBN
ISBN 534982948
040 ## - ΠΗΓΗ ΚΑΤΑΛΟΓΟΓΡΑΦΗΣΗΣ
Φορέας πρωτότυπης καταλογογράφησης MC Athens Campus Library
Γλώσσα καταλογογράφησης Ελληνικά, Μοντέρνα (1453-)
Modifying agency MC Athens Campus Library
Κανόνες περιγραφικής καταλογογράφησης AACR2
245 1# - ΤΙΤΛΟΣ ΚΑΙ ΔΗΛΩΣΗ ΥΠΕΥΘΥΝΟΤΗΤΑΣ
Τίτλος Financial Statement Analysis / Using Financial Accounting Information: Fourth Edition
250 ## - EDITION STATEMENT
Edition statement 4th
260 ## - PUBLICATION, DISTRIBUTION, ETC.
Name of publisher, distributor, etc. Pws-Kent Publishing Company,
Date of publication, distribution, etc. 1989
300 ## - PHYSICAL DESCRIPTION
Extent 718
520 ## - SUMMARY, ETC.
Summary, etc. Fundamental Covepts, Introduction to Financial Statements - Balance Sheet, Introduction to Financial Statements - Income Statement and Statement of Retained Earnings, Basics of Analysis, An Illustration of Statement Analysis: Cooper Tire and Rubber Company, Liquidity of Short-Term Assets and the Related Short-Term Debt-Paying Ability, Long-Term Debt-Paying Ability, Analysis of Profitability, Analysis of the Investor, Statement of Cash Flows, An Illustration of Statement Analysis: Cooper Tire and Rubber Company, Analyzing the Impact of Inflation on Financial Statements, Expanded Utility of Financial Ratios, Statement Analysis for Special Industries: Banks and Utilities and Oil and Gas and Transportation, Personal Financial Statements and Accounting for Governments and Other Non Profit Institutions, Comprehensive Case - Worthington Industries, Bibliography, Index.
700 1# - ΠΡΟΣΘΕΤΗ ΑΝΑΓΡΑΦΗ--ΦΥΣΙΚΟ ΠΡΟΣΩΠΟ
Personal name Gibson Charles H
9 (RLIN) 899
942 ## - ADDED ENTRY ELEMENTS (KOHA)
Koha item type Books
Holdings
Τύπος τεκμηρίου Βιβλιοθήκη Τρέχουσα τοποθεσία Barcode Αριθμός εισαγωγής Ημερομηνία απόκτησης Ταξιθετικό σύμβολο Αριθμός αντιτύπου Κατάσταση απόσυρσης Κατάσταση χαμένου Κατάσταση κατεστραμμένου Μη δανεισμός Σύνολο δανεισμών Ημερομηνία τελευταίας εμφάνισης Η τιμή ισχύει από
Books MC Athens Campus Library MC Athens Campus Library 9780000006615 1290 05/06/2025 657/.3 GIB 1           05/06/2025 05/06/2025

MC Athens Campus Library
Πατησίων 94 & Κοδριγκτώνος 13, 104 34
Πελλήνης 8 & Πατησίων 107, 112 51
Τ: +30 210 8899600

MC Thessaloniki Campus Library
Ίωνος Δραγούμη 21, 54625 | Ίωνος Δραγούμη 15, 54625
Τ: +30 2310 287779 – Τ: +30 2314 440300